Checklist (Record no. 77281)
[ view plain ]
| 000 -LEADER | |
|---|---|
| fixed length control field | 00845cab a2200205 4500 |
| 001 - CONTROL NUMBER | |
| control field | ##L133952 |
| 008 - FIXED-LENGTH DATA ELEMENTS--GENERAL INFORMATION | |
| fixed length control field | 060623n2006 000 0 eng u |
| 035 ## - SYSTEM CONTROL NUMBER | |
| System control number | (Sirsi) u133952 |
| 041 0# - LANGUAGE CODE | |
| Language code of text/sound track or separate title | eng |
| 100 1# - MAIN ENTRY--PERSONAL NAME | |
| Personal name | Brownrigg, Scott |
| 245 00 - TITLE STATEMENT | |
| Title | Checklist |
| Remainder of title | housing |
| 260 ## - PUBLICATION, DISTRIBUTION, ETC. | |
| Date of publication, distribution, etc. | 2006 |
| 490 #0 - SERIES STATEMENT | |
| Series statement | Building |
| Volume/sequential designation | 271(8435) 16 June 2006, 73-74(2) |
| 520 ## - SUMMARY, ETC. | |
| Summary, etc. | Provides a brief checklist for apartment block specifiers. Gives guidance on key areas of consideration including fire protection, structure, services, ventilation, security, circulation, maintenance, neighbouring properties, and procurement. Also contains list of main suppliers of housing specifications. |
| 590 ## - LOCAL NOTE (RLIN) | |
| Local note | IKA040706 |
| 651 #4 - SUBJECT ADDED ENTRY--GEOGRAPHIC NAME | |
| Geographic name | United Kingdom |
| Chronological subdivision | |
| 690 ## - LOCAL SUBJECT ADDED ENTRY--TOPICAL TERM (OCLC, RLIN) | |
| Topical term or geographic name as entry element | BUILT ENVIRONMENT-BUILDING ELEMENTS-COMPLETE BUILDING ELEMENTS |
| 710 2# - ADDED ENTRY--CORPORATE NAME | |
| Corporate name or jurisdiction name as entry element | Barbour Index |
| 9 (RLIN) | 2548 |
| 942 ## - ADDED ENTRY ELEMENTS (KOHA) | |
| Suppress in OPAC | 0 |
| Withdrawn status | Lost status | Source of classification or shelving scheme | Damaged status | Not for loan | Home library | Current library | Shelving location | Date acquired | Total Checkouts | Full call number | Barcode | Date last seen | Copy number | Price effective from | Koha item type |
|---|---|---|---|---|---|---|---|---|---|---|---|---|---|---|---|
| Dewey Decimal Classification | London | London | Journal article | 23/06/2006 | L133952 | 133952-1001 | 06/08/2019 | 1 | 06/08/2019 | Journal article |